Quotes from Literature - Statistics

General Stats
  • This quiz has been taken 763 times
  • The average score is 4 of 24
Answer Stats
Hint Answer % Correct
"Shoot all the bluejays you want, if you can hit ’em, but remember it’s a sin to kill a mockingbird." To Kill a Mockingbird
98%
"The Ministry of Truth, which concerned itself with news, entertainment, education and the fine arts. The Ministry of Peace, which concerned itself with war. The Ministry of Love, which maintained law and order. And the Ministry of Plenty, which was responsible for economic affairs. Their names, in Newspeak: Minitrue, Minipax, Miniluv and Miniplenty." Nineteen Eighty-Four
61%
"Fair is foul, and foul is fair. Hover through the fog and filthy air." Macbeth
42%
“So we beat on, boats against the current, borne back ceaselessly into the past.” The Great Gatsby
38%
“I know not all that may be coming, but be it what it will, I'll go to it laughing.” Moby Dick
13%
“I can't go back to yesterday because I was a different person then.” Alice in Wonderland
12%
“They wanted to speak, but could not; tears stood in their eyes. They were both pale and thin; but those sick pale faces were bright with the dawn of a new future, of a full resurrection into a new life. They were renewed by love; the heart of each held infinite sources of life for the heart of the other.” Crime and Punishment
10%
“The only people for me are the mad ones, the ones who are mad to live, mad to talk, mad to be saved, desirous of everything at the same time, the ones who never yawn or say a commonplace thing, but burn, burn, burn like fabulous yellow roman candles exploding like spiders across the stars.” On the Road
10%
“The mind is its own place, and in itself can make a heaven of hell, a hell of heaven.” Paradise Lost
9%
"Like Olympic medals and tennis trophies, all they signified was that the owner had done something of no benefit to anyone more capably than everyone else." Catch-22
8%
“I don't like work--no man does--but I like what is in the work--the chance to find yourself. Your own reality--for yourself not for others--what no other man can ever know. They can only see the mere show, and never can tell what it really means.” Heart of Darkness
8%
"He found himself understanding the wearisomeness of this life, where every path was an improvisation and a considerable part of one’s waking life was spent watching one’s feet." Lord of the Flies
8%
"But I remembered one thing: it wasn’t me that started acting deaf; it was people that first started acting like I was too dumb to hear or see or say anything at all.” One Flew Over the Cuckoos Nest
8%
“If you look for perfection, you'll never be content.” Anna Karenina
7%
“I let go. Lost in oblivion. Dark and silent and complete. I found freedom. Losing all hope was freedom.” Fight Club
4%
“It is to the credit of human nature that, except where its selfishness is brought into play, it loves more readily than it hates.” Scarlet Letter
4%
“Do not let your fire go out, spark by irreplaceable spark in the hopeless swamps of the not-quite, the not-yet, and the not-at-all. Do not let the hero in your soul perish in lonely frustration for the life you deserved and have never been able to reach." Atlas Shrugged
3%
"I have no idea what's awaiting me, or what will happen when this all ends. For the moment I know this: there are sick people and they need curing.” The Plague
3%
“The mystery of life isn’t a problem to solve, but a reality to experience.” Dune
2%
“Logic may indeed be unshakable, but it cannot withstand a man who is determined to live.” The Trial
2%
"When today fails to offer the justification for hope, tomorrow becomes the only grail worth pursuing.” Death of a Salesman
1%
“If you have the guts to be yourself, other people'll pay your price.” Rabbit, Run
1%
“When we love, we always strive to become better than we are. When we strive to become better than we are, everything around us becomes better too.” The Alchemist
1%
“We can never give up longing and wishing while we are thoroughly alive. There are certain things we feel to be beautiful and good, and we must hunger after them.” The Mill on the Floss
1%
No matching quizzes found
Score Distribution
Percent of People with Each Score
Percentile by Number Answered
Your Score History
You have not taken this quiz